[Event "11th LCC FIDE Open 2019"]
[Site "London"]
[Date "2019.12.02"]
[Round "5.12"]
[White "Pert, Richard G"]
[Black "Berry, Neil"]
[Result "1/2-1/2"]
[WhiteElo "2436"]
[BlackElo "2250"]
[Annotator "ChessBase"]
[PlyCount "49"]
[EventDate "2019.11.29"]
[EventType "swiss"]
[EventCountry "ENG"]
[SourceTitle "playchess.com"]
[Source "ChessBase"]
[SourceQuality "1"]
[TimeControl "40/5400+30:1800+30"]

1. d4 {[%emt 0:00:00]} Nf6 {[%emt 0:00:00]} 2. Nf3 {[%emt 0:00:00]} e6 {[%emt 0:00:13]} 3. Bf4 {[%emt 0:00:40]} d5 {[%emt 0:01:07]} 4. e3 {[%emt 0:00:08]} Bd6 {[%emt 0:03:43]} 5. Nbd2 {[%emt 0:00:33]} O-O {[%emt 0:01:41]} 6. Bd3 {[%emt 0:00:22]} c5 {[%emt 0:11:42]} 7. dxc5 {[%emt 0:00:26]} Bxc5 {[%emt 0:00:34]} 8. O-O {[%emt 0:00:49]} Nc6 {[%emt 0:01:03]} 9. c4 {[%emt 0:03:34]} b6 {[%emt 0:06:10]} 10. a3 {[%emt 0:15:15]} Bb7 {[%emt 0:06:14]} 11. Qe2 {[%emt 0:01:43]} Bd6 {[%emt 0:06:54]} 12. Bg5 {[%emt 0:05:37]} h6 {[%emt 0:02:20]} 13. Bh4 {[%emt 0:03:43]} Be7 {[%emt 0:06:42]} 14. Rad1 {[%emt 0:09:13]} Qc7 {[%emt 0:13:37]} 15. Bg3 {[%emt 0:18:31]} Bd6 {[%emt 0:01:28]} 16. e4 {[%emt 0:03:01]} Bxg3 {[%emt 0:04:57]} 17. hxg3 {[%emt 0:01:11]} Ne5 {[%emt 0:07:35]} 18. cxd5 {[%emt 0:11:32]} Nxd3 {[%emt 0:02:06]} 19. Qxd3 {[%emt 0:00:18]} exd5 {[%emt 0:00:15]} 20. Rc1 {[%emt 0:03:22]} Qe7 {[%emt 0:01:02]} 21. e5 {[%emt 0:02:43]} Ne4 {[%emt 0:00:42]} 22. Nb3 {[%emt 0:01:09]} Nc5 {[%emt 0:03:31]} 23. Qe3 {[%emt 0:02:29]} Nxb3 {[%emt 0:01:05]} 24. Qxb3 {[%emt 0:00:05]} d4 {[%emt 0:00:11]} 25. Rfe1 {[%emt 0:05:48]} 1/2-1/2

[Event "11th LCC FIDE Open 2019"]
[Site "London"]
[Date "2019.12.02"]
[Round "5.13"]
[White "Merry, Alan B"]
[Black "Lee, Qing Aun"]
[Result "1/2-1/2"]
[WhiteElo "2426"]
[BlackElo "2228"]
[Annotator "TA"]
[PlyCount "80"]
[EventDate "2019.11.29"]
[EventType "swiss"]
[EventCountry "ENG"]
[SourceTitle "playchess.com"]
[Source "ChessBase"]
[SourceQuality "1"]

{[%evp 21,80,6,1,0,9,8,23,16,54,0,58,56,44,43,52,27,68,41,40,43,45,32,44,26,38,33,38,0,65,72,63,37,47,6,42,6,6,6,6,6,6,2,6,6,6,6,6,6,25,0,12,0,0,0,0,-41,-26,-36,-31,-34,-7]} 1. c4 e6 2. Nc3 d5 3. d4 Nf6 4. cxd5 exd5 5. Bg5 Be7 6. e3 c6 7. Bd3 O-O 8. Nf3 Ne4 9. Bxe7 Qxe7 10. Qc2 Bf5 11. O-O Nd7 12. b4 {D36: Queen's Gambit Declined: Exchange Variation: Main line (5 Bg5 c6 6 Qc2)} (12. Rfc1 Rfe8 13. h3 Ndf6 14. Ne5 g6 15. g4 Nxc3 16. gxf5 Nce4 17. fxg6 fxg6 18. f3 Ng5 19. Kh2 Nd7 {1-0 (39) Novak,J (2530)-Gil,M (2608) ICCF email 2010}) 12... a6 13. a4 Rac8 $146 ({Predecessor:} 13... Rfe8 14. b5 axb5 15. axb5 Qb4 16. Rxa8 Rxa8 17. bxc6 Nxc3 18. Bxf5 bxc6 19. Bxd7 Qc4 20. Re1 g6 21. Qb2 Ne4 22. Ne5 Qa6 23. Bxc6 Ra7 24. Qb8+ Kg7 25. Bxd5 Qe2 26. Nd3 {1-0 (26) Osthof,A-Kurz,R Germany 1992}) 14. Rfc1 {White has an edge.} Bg6 15. Nd2 (15. b5 $14) 15... Ndf6 (15... Nxc3 $11 16. Qxc3 Qd6) 16. Bxe4 $14 Bxe4 17. Qb3 Rfe8 18. b5 c5 19. dxc5 Qxc5 20. Ne2 Qd6 21. bxa6 bxa6 22. Nd4 Ng4 23. Nf1 Ne5 24. Ng3 Nc4 (24... Rb8 $11 25. Qd1 Qf6) 25. Nxe4 Rxe4 26. Rab1 Ree8 27. Rd1 h6 (27... Rb8 $5 {[%cal Rb8b3]} 28. Qa2 Rxb1 29. Rxb1 Rb8 $11) 28. h3 Rb8 29. Qc3 Rxb1 30. Rxb1 Rb8 31. Rd1 Qg6 32. Ne2 Rb1 33. Qe1 Rxd1 34. Qxd1 Qc6 35. Nf4 Nb2 36. Nxd5 Qxa4 37. Ne7+ Kf8 38. Qd8+ Qe8 39. Qd4 {[#] And now Nf5 would win.} Qxe7 40. Qxb2 Qd6 {Accuracy: White = 42%, Black = 46%.} 1/2-1/2

[Event "11th LCC FIDE Open 2019"]
[Site "London"]
[Date "2019.12.02"]
[Round "5.14"]
[White "Gschnitzer, Adrian"]
[Black "Papadiamandis, Elliot"]
[Result "1-0"]
[WhiteElo "2422"]
[BlackElo "2220"]
[Annotator "ChessBase"]
[PlyCount "55"]
[EventDate "2019.11.29"]
[EventType "swiss"]
[EventCountry "ENG"]
[SourceTitle "playchess.com"]
[Source "ChessBase"]
[SourceQuality "1"]
[TimeControl "40/5400+30:1800+30"]

1. e4 {[%emt 0:00:04]} c5 {[%emt 0:00:00]} 2. Nf3 {[%emt 0:00:08]} d6 {[%emt 0:00:10]} 3. d4 {[%emt 0:00:06]} cxd4 {[%emt 0:00:23]} 4. Nxd4 {[%emt 0:00:07]} Nf6 {[%emt 0:00:23]} 5. Nc3 {[%emt 0:00:12]} a6 {[%emt 0:00:27]} 6. Bg5 {[%emt 0:00:09]} e6 {[%emt 0:00:30]} 7. f4 {[%emt 0:00:09]} Be7 {[%emt 0:00:14]} 8. Qf3 {[%emt 0:00:11]} Qc7 {[%emt 0:00:33]} 9. O-O-O {[%emt 0:00:14]} Nbd7 {[%emt 0:00:08]} 10. g4 {[%emt 0:00:25]} b5 {[%emt 0:00:42]} 11. Bxf6 {[%emt 0:00:14]} Nxf6 {[%emt 0:00:38]} 12. g5 {[%emt 0:00:09]} Nd7 {[%emt 0:00:34]} 13. f5 {[%emt 0:00:13]} O-O {[%emt 0:00:55]} 14. Rg1 {[%emt 0:20:38]} b4 {[%emt 0:01:58]} 15. Nce2 {[%emt 0:02:13]} e5 {[%emt 0:01:01]} 16. f6 {[%emt 0:05:17]} exd4 {[%emt 0:00:54]} 17. fxe7 {[%emt 0:03:05]} Re8 {[%emt 0:00:43]} 18. e5 {[%emt 0:12:29]} d3 {[%emt 0:20:40]} 19. Qxd3 {[%emt 0:02:38]} dxe5 {[%emt 0:04:56]} 20. Ng3 {[%emt 0:00:57]} Nc5 {[%emt 0:01:54]} 21. Qd8 {[%emt 0:01:52]} Qc6 {[%emt 0:02:40]} 22. Bg2 {[%emt 0:01:01]} e4 {[%emt 0:01:15]} 23. Nxe4 {[%emt 0:00:50]} Bd7 {[%emt 0:01:01]} 24. Nf6+ {[%emt 0:03:07]} Qxf6 {[%emt 0:00:35]} 25. gxf6 {[%emt 0:00:33]} Raxd8 {[%emt 0:00:09]} 26. exd8=Q {[%emt 0:00:12]} Rxd8 {[%emt 0:00:04]} 27. Bh3 {[%emt 0:00:31]} g6 {[%emt 0:00:31]} 28. Rd5 {[%emt 0:00:21]} 1-0

[Event "11th LCC FIDE Open 2019"]
[Site "London"]
[Date "2019.12.02"]
[Round "5.15"]
[White "McDonald, Neil R"]
[Black "Goh, Zi Han"]
[Result "1-0"]
[WhiteElo "2412"]
[BlackElo "2134"]
[Annotator "ChessBase"]
[PlyCount "53"]
[EventDate "2019.11.29"]
[EventType "swiss"]
[EventCountry "ENG"]
[SourceTitle "playchess.com"]
[Source "ChessBase"]
[SourceQuality "1"]
[TimeControl "40/5400+30:1800+30"]

1. e4 {[%emt 0:00:00]} c5 {[%emt 0:00:00]} 2. Nf3 {[%emt 0:00:00]} d6 {[%emt 0:00:00]} 3. Bb5+ {[%emt 0:00:00]} Nd7 {[%emt 0:00:00]} 4. a4 {[%emt 0:04:08]} Ngf6 {[%emt 0:02:26]} 5. Qe2 {[%emt 0:04:13]} a6 {[%emt 0:05:37]} 6. Bc4 {[%emt 0:01:00]} e6 {[%emt 0:06:11]} 7. Nc3 {[%emt 0:04:18]} Be7 {[%emt 0:05:07]} 8. O-O {[%emt 0:06:14]} O-O {[%emt 0:00:48]} 9. d3 {[%emt 0:01:51]} b6 {[%emt 0:01:09]} 10. Ng5 {[%emt 0:02:47]} h6 {[%emt 0:03:34]} 11. Nh3 {[%emt 0:01:59]} Ne5 {[%emt 0:01:08]} 12. Ba2 {[%emt 0:01:02]} Nc6 {[%emt 0:02:14]} 13. f4 {[%emt 0:01:10]} Nd4 {[%emt 0:01:52]} 14. Qd1 {[%emt 0:01:57]} Bb7 {[%emt 0:04:47]} 15. Ne2 {[%emt 0:02:13]} Qc7 {[%emt 0:04:30]} 16. Ng3 {[%emt 0:02:32]} b5 {[%emt 0:07:23]} 17. c3 {[%emt 0:02:55]} Nc6 {[%emt 0:01:26]} 18. f5 {[%emt 0:03:19]} e5 {[%emt 0:15:41]} 19. Nh5 {[%emt 0:00:47]} Rad8 {[%emt 0:06:28]} 20. Nf2 {[%emt 0:08:06]} Nb8 {[%emt 0:06:25]} 21. Nxf6+ {[%emt 0:05:39]} Bxf6 {[%emt 0:00:11]} 22. Qh5 {[%emt 0:00:47]} Qe7 {[%emt 0:05:45]} 23. Ng4 {[%emt 0:02:04]} Nd7 {[%emt 0:05:09]} 24. Rf3 {[%emt 0:09:11]} Bg5 {[%emt 0:02:48]} 25. Nxh6+ {[%emt 0:07:23]} gxh6 {[%emt 0:04:50]} 26. Rg3 {[%emt 0:02:43]} Nf6 {[%emt 0:05:25]} 27. Qxh6 {[%emt 0:00:48]} 1-0

[Event "11th LCC FIDE Open 2019"]
[Site "London"]
[Date "2019.12.02"]
[Round "5.16"]
[White "Vaishali, R."]
[Black "Ethelontis, Alexandros N"]
[Result "1-0"]
[WhiteElo "2376"]
[BlackElo "2139"]
[Annotator "TA"]
[PlyCount "81"]
[EventDate "2019.11.29"]
[EventType "swiss"]
[EventCountry "ENG"]
[SourceTitle "playchess.com"]
[Source "ChessBase"]
[SourceQuality "1"]

{[%evp 12,81,22,24,29,29,26,35,25,18,25,25,23,34,32,20,37,21,21,2,68,68,53,73,58,54,49,69,156,157,164,163,178,164,165,166,171,78,145,0,168,171,163,156,158,168,259,246,258,244,241,214,262,236,312,223,217,220,264,264,283,293,370,350,327,335,590,581,579,566,631,620]} 1. e4 e6 2. d4 d5 3. Nd2 c5 4. Ngf3 Nc6 5. exd5 exd5 6. Bb5 Qe7+ 7. Be2 Qc7 {C09: French Tarrasch: 3...c5 4 exd5 exd5 5 Ngf3 Nc6} 8. dxc5 Bxc5 9. Nb3 Be7 {White is slightly better.} 10. O-O ({But not} 10. Qxd5 $2 Nb4 $17) 10... Nf6 11. Bg5 O-O 12. c3 Be6 13. Nbd4 Rad8 {[#]} 14. Re1 $146 ({Predecessor:} 14. Qa4 Bd7 15. Rad1 {½-½ (15) Ivanchuk,V (2680)-Kortschnoj,V (2630) Manila 1990}) 14... Rfe8 15. Bb5 (15. Nxe6 {is interesting.} fxe6 16. Nd4 Nxd4 17. cxd4 Ne4 18. Bxe7 Rxe7 19. Bg4) 15... Ne4 (15... Bd7 $11) 16. Bxe7 $14 Rxe7 17. Bxc6 bxc6 18. Nxc6 Qxc6 {[#]} 19. Rxe4 $1 {[%mdl 576] Pin} Rb8 {[#]} (19... dxe4 $14 20. Qxd8+ {[%mdl 64] Double Attack} Re8) 20. Re2 $1 $16 Reb7 21. Nd4 Qc8 22. Qc1 Bg4 23. f3 Bf5 24. Qg5 (24. b4 $18) 24... Be6 (24... Bg6 $142) 25. Qc1 (25. Rb1 $16) 25... h6 $2 (25... Bf5 $1 $11 {and Black has nothing to worry.}) 26. b3 $36 {[%mdl 2048] White is on the roll.} Rc7 27. Re3 Rc5 28. Qd2 Rb7 (28... Qa6 $142 29. Rae1 Bd7) 29. Rae1 {[%cal Rd4e6]} Rb6 30. R1e2 Kh7 31. Qd3+ g6 32. Re1 h5 33. Ne2 Rbc6 34. Qd4 Ra5 35. Nf4 Rxa2 36. Nxd5 Qf8 37. Nb4 Rd6 {[#]} 38. Qf4 $1 ({Less strong is} 38. Nxa2 Rxd4 39. cxd4 Qa3 $14) 38... Ra5 $2 {[#]} (38... Rb2 39. Rxe6 {[%mdl 64] Pin} Rdd2) 39. Rxe6 $1 {[%mdl 512] White is clearly winning.} Rxe6 40. Rxe6 {[%mdl 64] Pin} Qc5+ 41. Re3 {Accuracy: White = 57%, Black = 30%.} 1-0

[Event "11th LCC FIDE Open 2019"]
[Site "London"]
[Date "2019.12.02"]
[Round "5.17"]
[White "Beinoras, Mindaugas"]
[Black "Balaji, Aaravamudhan"]
[Result "1-0"]
[WhiteElo "2350"]
[BlackElo "2080"]
[Annotator "TA"]
[PlyCount "101"]
[EventDate "2019.11.29"]
[EventType "swiss"]
[EventCountry "ENG"]
[SourceTitle "playchess.com"]
[Source "ChessBase"]
[SourceQuality "1"]

{[%evp 19,101,14,34,33,52,63,39,26,33,32,44,21,16,8,12,8,11,13,39,34,30,20,71,72,94,85,103,92,200,122,148,73,87,88,73,65,79,53,160,167,163,168,169,111,195,195,223,177,260,251,313,229,389,343,444,427,427,429,414,235,435,419,492,491,544,525,528,556,547,519,478,431,688,600,670,643,945,906,836,640,1020,983,29985,775]} 1. d4 Nf6 2. Bg5 g6 3. Bxf6 exf6 4. e3 Bg7 5. c4 O-O 6. Nc3 f5 7. Nge2 d6 8. g3 Nd7 9. Bg2 Nf6 10. O-O Re8 11. Qd3 {A45: Trompowsky Attack} Qe7 (11... c6 12. b4 Bd7 13. a4 Qe7 14. b5 Ne4 15. a5 a6 16. bxc6 bxc6 17. Rab1 Ra7 18. Rb6 h5 {1-0 (45) Kryakvin,D (2586)-Nechaev,O (2371) Grozny 2019}) 12. Nd5 Nxd5 13. Bxd5 $146 {White is slightly better.} ({Predecessor:} 13. cxd5 Bd7 14. Rfc1 Rec8 15. Rc3 c6 16. dxc6 bxc6 17. Rac1 d5 18. Qd2 h6 19. R1c2 Kh7 20. Nc1 Rg8 21. Nd3 f6 22. Rb3 Rgb8 23. Ra3 Rxb2 24. Rxb2 Qxa3 25. Nc5 {1-0 (25) Porras Mateo,F (2248)-Masferrer Niubo,E (2016) Barcelona 2015}) 13... c6 14. Bg2 Rb8 15. Nc3 Bd7 16. Rfe1 h5 17. b4 h4 18. Rab1 f4 19. gxf4 h3 20. Bf3 Qh4 (20... Bf5 $11 {remains equal.} 21. e4 Be6) 21. Rbc1 $16 Re7 22. Rf1 Rbe8 23. Qd1 f6 (23... Be6 $16) 24. Ne2 g5 25. fxg5 ({White should play} 25. d5) 25... fxg5 26. Ng3 g4 27. Bh1 Rf8 28. Qd3 Qh7 (28... Qh6 $14) 29. Qxh7+ Kxh7 {[#]} 30. Ne4 $1 Bh6 31. Rc3 (31. Rfe1 $18) 31... Re6 (31... d5 $16 32. Nc5 dxc4) 32. d5 $18 Rg6 33. c5 cxd5 (33... dxc5 {is a better defense.} 34. Nxc5 Bf5 35. Nxb7 cxd5 36. Bxd5 Bg7) 34. Nxd6 Rg5 35. Nxb7 Re5 $2 {[#]} (35... Bb5) 36. Nd6 g3 37. hxg3 h2+ 38. Kxh2 Bxe3 39. Kg1 ({Less strong is} 39. Rxe3 Rxe3 40. Bxd5 (40. fxe3 Rxf1 41. Bxd5 Rc1 $18) 40... Re2 $18) (39. c6 $142 Bd2 40. Rc2 Rh5+ 41. Kg1) 39... Bd2 $2 (39... Bxf2+ 40. Rxf2 Re1+ 41. Kg2 d4) 40. Ra3 a5 41. Rxa5 Bh3 42. Bg2 Bxg2 43. Kxg2 Bxb4 44. Rb5 Ba3 45. f4 Re3 (45... Re6 $142 46. Rh1+ Kg8) 46. Rf3 Re2+ 47. Kh3 Bb2 48. Rb7+ Kg6 49. c6 Rh8+ 50. Kg4 Bf6 51. f5+ {Accuracy: White = 74%, Black = 15%.} 1-0

[Event "11th LCC FIDE Open 2019"]
[Site "London"]
[Date "2019.12.02"]
[Round "5.18"]
[White "Blackburn, Jonathan Lb"]
[Black "Bates, Richard A"]
[Result "0-1"]
[WhiteElo "2240"]
[BlackElo "2342"]
[Annotator "TA"]
[PlyCount "86"]
[EventDate "2019.11.29"]
[EventType "swiss"]
[EventCountry "ENG"]
[SourceTitle "playchess.com"]
[Source "ChessBase"]
[SourceQuality "1"]

{[%evp 12,86,27,7,18,0,0,-12,-18,-12,0,0,0,17,19,8,0,2,16,0,51,57,55,0,22,25,27,29,35,24,43,35,46,11,10,-70,-55,-61,-63,-69,-9,-7,0,-28,17,-39,31,-58,60,-309,-309,-312,-297,-293,-299,-283,-263,-245,-218,-285,-247,-308,-256,-289,-262,-1193,-585,-856,-604,-841,-824,-1661,-1663,-1568,-1545,-1210,-405]} 1. d4 Nf6 2. c4 g6 3. Nc3 Bg7 4. e4 d6 5. Nge2 c6 6. Ng3 a6 7. a4 a5 {E70: King's Indian: Miscellaneous lines with 4 e4, including 5 Nge2 and 5 Bd3 0-0 6 Nge2} 8. h4 h5 9. Bg5 Qb6 $146 {The position is equal.} ({Predecessor:} 9... Nbd7 10. Be2 e5 11. d5 Nc5 12. Ra3 Bh6 {½-½ (12) Johansen,D (2415)-Hug,W (2430) Thessaloniki 1988}) 10. Qd2 Nbd7 11. Be2 e5 12. d5 cxd5 13. cxd5 Nc5 14. Ra3 Bd7 15. Bb5 Rc8 (15... Bxb5 $11 16. axb5 O-O) 16. Qe2 $14 O-O 17. Be3 (17. Bxd7 $14 Nfxd7 18. Nb5) 17... Qd8 18. f3 Nh7 19. Bxd7 Qxd7 20. Nb5 Na6 21. Na7 Ra8 22. Qb5 Qc7 {Threatens to win with ...Nc5.} 23. Rc3 (23. Qb6 $11) 23... Nc5 $1 $15 24. Rxc5 $1 dxc5 25. Qxc5 Qd7 ({Black should play} 25... Qd8 $15) 26. Qb5 $1 $11 {[%cal Rb5d7]} Qe7 27. Qxa5 Rfe8 28. Ke2 {[#]} (28. Bf2 $11) 28... Bf8 (28... f5 $1 $15 {[%mdl 512]}) 29. Qc3 (29. Nf1 $14) 29... Qd6 (29... f5 $1 $15 30. Bf2 (30. exf5 gxf5 31. Nxf5 Qf7 $17) 30... Nf6) 30. b4 $2 {[%mdl 8192] [#]} (30. Nb5 $14 {keeps the upper hand.} Qa6 31. b3) 30... Rxa7 $1 $19 {[%mdl 576] Decoy} 31. Bxa7 {And now Bc5 would win.} Qa6+ {[%mdl 64] Double Attack} 32. b5 Qxa7 33. a5 Bc5 34. Rc1 Bd4 35. Qc7 Nf8 36. Kf1 Ra8 37. Ne2 Qxa5 38. Qxb7 $2 (38. Nxd4 exd4 39. Qxa5 Rxa5 40. Ke2) 38... Be3 (38... Qa3 $142 {( -> ...Qe3!)} 39. Qc6 Qe3 $1 {[%mdl 512]} 40. Nxd4 Ra2) 39. Rd1 Ra7 40. Qb8 Qa4 {[%cal Ra4d1]} 41. Ke1 Qb4+ 42. Kf1 Qe7 43. g3 {[#]} Rb7 {Accuracy: White = 34%, Black = 43%.} (43... Qd7 $142 $1 44. Kg2 {[#]} Ra2 $1 {[%mdl 512]}) 0-1

[Event "11th LCC FIDE Open 2019"]
[Site "London"]
[Date "2019.12.02"]
[Round "5.19"]
[White "Osborne, Marcus E"]
[Black "Percivaldi, Martin"]
[Result "0-1"]
[WhiteElo "2166"]
[BlackElo "2384"]
[Annotator "RC"]
[PlyCount "112"]
[EventDate "2019.11.29"]
[EventType "swiss"]
[EventCountry "ENG"]
[TimeControl "40/5400+30:1800+30"]

1. c4 {[%emt 0:00:00]} e6 {[%emt 0:01:51]} 2. Nc3 {[%emt 0:00:00]} f5 {[%emt 0:00:46]} 3. d4 {[%emt 0:00:00]} Nf6 {[%emt 0:00:10]} 4. Nf3 {[%emt 0:00:42]} Bb4 {[%emt 0:00:10]} 5. Qb3 {[%emt 0:00:16]} a5 {[%emt 0:00:13]} 6. Bd2 {[%emt 0:00:32]} b6 {[%emt 0:03:15]} 7. g3 {[%emt 0:00:13]} Bb7 {[%emt 0:00:10]} 8. Bg2 {[%emt 0:00:07]} O-O {[%emt 0:01:01]} 9. O-O {[%emt 0:00:06]} Qe7 {[%emt 0:07:28]} 10. Nb5 {[%emt 0:19:56]} Bxd2 {[%emt 0:09:02]} 11. Nxd2 {[%emt 0:00:12]} Bxg2 {[%emt 0:01:08]} 12. Kxg2 {[%emt 0:00:06]} Na6 {[%emt 0:07:36]} 13. Rae1 {[%emt 0:12:52]} d5 {[%emt 0:07:28]} 14. cxd5 {[%emt 0:03:56]} exd5 {[%emt 0:00:27]} 15. e4 {[%emt 0:07:36]} fxe4 {[%emt 0:04:14]} 16. Nxe4 {[%emt 0:00:52]} c6 {[%emt 0:00:14]} 17. Ng5 {[%emt 0:01:01]} Qb4 {[%emt 0:11:41]} 18. Qxb4 {[%emt 0:02:22]} axb4 {[%emt 0:15:38]} 19. Nd6 {[%emt 0:00:24]} Ra7 {[%emt 0:00:18]} 20. Ne6 {[%emt 0:17:01]} Rfa8 {[%emt 0:02:10]} 21. Nf5 {[%emt 0:06:29]} c5 {[%emt 0:02:00]} 22. f3 {[%emt 0:09:40]} cxd4 {[%emt 0:03:44]} 23. Nfxd4 {[%emt 0:01:17]} Nc5 {[%emt 0:00:57]} 24. Nc6 {[%emt 0:01:21]} Rxa2 {[%emt 0:01:01]} 25. Ne7+ {[%emt 0:04:10]} Kf7 {[%emt 0:00:48]} 26. Ng5+ {[%emt 0:01:35]} Kf8 {[%emt 0:00:07]} 27. Re2 {[%emt 0:02:18]} Re8 {[%emt 0:10:57]} 28. Rfe1 {[%emt 0:00:13]} Nd3 {[%emt 0:01:59]} 29. Ne6+ {[%emt 0:00:05]} Kxe7 {[%emt 0:01:30]} 30. Nf4+ {[%emt 0:00:06]} Kd6 {[%emt 0:00:33]} 31. Nxd3 {[%emt 0:00:09]} Rxe2+ {[%emt 0:00:02]} 32. Rxe2 {[%emt 0:00:10]} Ra4 {[%emt 0:00:31]} 33. b3 {[%emt 0:02:49]} Ra3 {[%emt 0:00:11]} 34. Rb2 {[%emt 0:00:07]} d4 {[%emt 0:03:53]} 35. Nxb4 {[%emt 0:00:10]} Kc5 {[%emt 0:00:01]} 36. Nd3+ {[%emt 0:00:40]} Kb5 {[%emt 0:00:01]} 37. Kf2 {[%emt 0:02:17]} Nd5 {[%emt 0:00:31]} 38. Ke2 {[%emt 0:00:57]} Ra1 {[%emt 0:00:28]} 39. Ne5 {[%emt 0:03:44]} Nb4 {[%emt 0:04:39]} 40. f4 {[%emt 0:02:31]} Rh1 {[%emt 0:00:29]} 41. Kf3 {[%emt 0:03:10]} Re1 {[%emt 0:02:03]} 42. Rd2 {[%emt 0:02:07]} Re3+ {[%emt 0:02:59]} 43. Kf2 {[%emt 0:02:14]} Kc5 {[%emt 0:03:53]} 44. Nd7+ {[%emt 0:02:04]} Kd5 {[%emt 0:00:16]} 45. Nxb6+ {[%emt 0:06:21]} Ke4 {[%emt 0:00:14]} 46. Nd7 {[%emt 0:02:35]} Nd3+ {[%emt 0:06:04]} 47. Kg2 {[%emt 0:01:05]} Re1 {[%emt 0:00:39]} 48. Nb6 {[%emt 0:05:46]} Nc5 {[%emt 0:04:02]} 49. Kf2 {[%emt 0:01:45]} Rh1 {[%emt 0:01:07]} 50. Kg2 {[%emt 0:02:04]} Rb1 {[%emt 0:01:40]} 51. Kf2 {[%emt 0:01:02]} Nxb3 {[%emt 0:03:08]} 52. Re2+ {[%emt 0:00:09]} Kd3 {[%emt 0:00:06]} 53. Re7 {[%emt 0:01:02]} Rb2+ {[%emt 0:00:36]} 54. Kf3 {[%emt 0:00:23]} Nd2+ {[%emt 0:00:11]} 55. Kg4 {[%emt 0:00:17]} Rxb6 {[%emt 0:00:09]} 56. Rxg7 {[%emt 0:00:03]} Ne4 {[%emt 0:02:28]} 0-1

[Event "11th LCC FIDE Open 2019"]
[Site "London"]
[Date "2019.12.02"]
[Round "5.20"]
[White "Pasztor, Balazs"]
[Black "Taylor, Adam C"]
[Result "0-1"]
[WhiteElo "2166"]
[BlackElo "2371"]
[Annotator "ChessBase"]
[PlyCount "116"]
[EventDate "2019.11.29"]
[EventType "swiss"]
[EventCountry "ENG"]
[SourceTitle "playchess.com"]
[Source "ChessBase"]
[SourceQuality "1"]
[TimeControl "40/5400+30:1800+30"]

1. e4 {[%emt 0:00:00]} e5 {[%emt 0:00:00]} 2. Nf3 {[%emt 0:00:06]} Nc6 {[%emt 0:00:00]} 3. Bc4 {[%emt 0:00:23]} Bc5 {[%emt 0:00:00]} 4. c3 {[%emt 0:00:47]} Nf6 {[%emt 0:00:00]} 5. d3 {[%emt 0:00:42]} O-O {[%emt 0:03:30]} 6. Bb3 {[%emt 0:03:33]} h6 {[%emt 0:00:00]} 7. O-O {[%emt 0:03:59]} d6 {[%emt 0:00:00]} 8. Nbd2 {[%emt 0:02:27]} a5 {[%emt 0:00:00]} 9. h3 {[%emt 0:02:40]} Bd7 {[%emt 0:00:54]} 10. Re1 {[%emt 0:02:17]} a4 {[%emt 0:00:06]} 11. Bc2 {[%emt 0:02:46]} Qb8 {[%emt 0:00:12]} 12. Nf1 {[%emt 0:08:23]} Qa7 {[%emt 0:00:09]} 13. Be3 {[%emt 0:01:26]} Bxe3 {[%emt 0:00:54]} 14. Nxe3 {[%emt 0:02:39]} Ne7 {[%emt 0:00:05]} 15. Qd2 {[%emt 0:10:48]} Ng6 {[%emt 0:00:32]} 16. Rad1 {[%emt 0:04:53]} Rfe8 {[%emt 0:01:03]} 17. Nf5 {[%emt 0:02:59]} Qb6 {[%emt 0:09:47]} 18. Bb1 {[%emt 0:04:41]} d5 {[%emt 0:02:08]} 19. Ne3 {[%emt 0:11:01]} c6 {[%emt 0:02:03]} 20. exd5 {[%emt 0:05:24]} cxd5 {[%emt 0:00:09]} 21. d4 {[%emt 0:04:21]} e4 {[%emt 0:00:02]} 22. Nh2 {[%emt 0:01:50]} Qc7 {[%emt 0:06:15]} 23. f3 {[%emt 0:05:44]} Ra5 {[%emt 0:06:04]} 24. fxe4 {[%emt 0:02:47]} dxe4 {[%emt 0:00:12]} 25. d5 {[%emt 0:03:06]} Qg3 {[%emt 0:01:41]} 26. c4 {[%emt 0:02:25]} Rc5 {[%emt 0:00:31]} 27. Qf2 {[%emt 0:02:14]} Qxf2+ {[%emt 0:01:22]} 28. Kxf2 {[%emt 0:00:08]} b5 {[%emt 0:00:07]} 29. b4 {[%emt 0:01:39]} axb3 {[%emt 0:00:05]} 30. axb3 {[%emt 0:00:08]} bxc4 {[%emt 0:00:13]} 31. bxc4 {[%emt 0:00:45]} Ne5 {[%emt 0:00:21]} 32. Rd4 {[%emt 0:01:03]} Rec8 {[%emt 0:02:48]} 33. Bxe4 {[%emt 0:02:17]} Nxe4+ {[%emt 0:03:12]} 34. Rxe4 {[%emt 0:00:07]} Nd3+ {[%emt 0:00:04]} 35. Ke2 {[%emt 0:00:22]} Nxe1 {[%emt 0:00:04]} 36. Kxe1 {[%emt 0:00:45]} f5 {[%emt 0:00:11]} 37. Re7 {[%emt 0:03:55]} f4 {[%emt 0:00:13]} 38. Rxd7 {[%emt 0:01:06]} fxe3 {[%emt 0:00:05]} 39. Re7 {[%emt 0:01:39]} Rxc4 {[%emt 0:00:27]} 40. Rxe3 {[%emt 0:00:27]} Rc1+ {[%emt 0:00:35]} 41. Kf2 {[%emt 0:30:41]} Rd1 {[%emt 0:30:05]} 42. Re2 {[%emt 0:01:01]} Rxd5 {[%emt 0:00:10]} 43. Nf3 {[%emt 0:00:28]} Kh7 {[%emt 0:00:09]} 44. Kg3 {[%emt 0:00:00]} Rdc5 {[%emt 0:00:00]} 45. Re4 {[%emt 0:00:00]} Rc4 {[%emt 0:00:00]} 46. Re3 {[%emt 0:00:00]} Rc2 {[%emt 0:00:00]} 47. Kh2 {[%emt 0:00:00]} R8c3 {[%emt 0:00:00]} 48. Rxc3 {[%emt 0:00:00]} Rxc3 {[%emt 0:00:00]} 49. Kg3 {[%emt 0:00:00]} Ra3 {[%emt 0:00:00]} 50. Kg4 {[%emt 0:00:00]} Kg6 {[%emt 0:00:00]} 51. Ne5+ {[%emt 0:00:00]} Kf6 {[%emt 0:00:00]} 52. Nf3 {[%emt 0:00:00]} Ra4+ {[%emt 0:00:00]} 53. Kg3 {[%emt 0:00:00]} Kf5 {[%emt 0:00:00]} 54. Nh2 {[%emt 0:00:00]} Ra3+ {[%emt 0:00:00]} 55. Nf3 {[%emt 0:00:00]} Rc3 {[%emt 0:00:00]} 56. h4 {[%emt 0:00:00]} Ra3 {[%emt 0:00:00]} 57. h5 {[%emt 0:04:25]} Rc3 {[%emt 0:00:24]} 58. Kh4 {[%emt 0:00:00]} Rxf3 {[%emt 0:00:21]} 0-1